Thinking of appealing against your new business rates? (Record no. 104288)

MARC details
000 -LEADER
fixed length control field 01159cam a2200205 4500
001 - CONTROL NUMBER
control field L129827
008 - FIXED-LENGTH DATA ELEMENTS--GENERAL INFORMATION
fixed length control field 050526n2005 000 0 eng u
035 ## - SYSTEM CONTROL NUMBER
System control number (Sirsi) u129827
041 ## - LANGUAGE CODE
Language code of text/sound track or separate title eng
110 ## - MAIN ENTRY--CORPORATE NAME
Corporate name or jurisdiction name as entry element Royal Institution of Chartered Surveyors
9 (RLIN) 4900
245 ## - TITLE STATEMENT
Title Thinking of appealing against your new business rates?
260 ## - PUBLICATION, DISTRIBUTION, ETC.
Place of publication, distribution, etc. London
Name of publisher, distributor, etc. RICS
Date of publication, distribution, etc. 2005
300 ## - PHYSICAL DESCRIPTION
Extent 1 folded leaflet
Dimensions 21cm.
520 ## - SUMMARY, ETC.
Summary, etc. Describes why businesses need to think about rates now with the new rateable values coming into effect in April 2005 and perhaps consider appealing against their new assessment. Explains how to find out more information about business rates and how to appeal a rates valuation if desired. Recommends seeking the assistance of regulated professionals such as RICS or Institute of Revenues Rating and Valuation members and provides tips on spotting rogue advisers. Contact details.
690 ## - LOCAL SUBJECT ADDED ENTRY--TOPICAL TERM (OCLC, RLIN)
Topical term or geographic name as entry element PROPERTY-COMMERCIAL PROPERTY-COMMERCIAL PROPERTY TAXATION-BUSINESS RATES
710 ## - ADDED ENTRY--CORPORATE NAME
Corporate name or jurisdiction name as entry element Institute of Revenues, Rating and Valuation
9 (RLIN) 2992
710 ## - ADDED ENTRY--CORPORATE NAME
Corporate name or jurisdiction name as entry element Valuation Office Agency
9 (RLIN) 3141
710 ## - ADDED ENTRY--CORPORATE NAME
Corporate name or jurisdiction name as entry element Scottish Assessors' Association
9 (RLIN) 968
942 ## - ADDED ENTRY ELEMENTS (KOHA)
Suppress in OPAC 0
Holdings
Withdrawn status Lost status Source of classification or shelving scheme Damaged status Not for loan Home library Current library Shelving location Date acquired Total Checkouts Full call number Barcode Date last seen Copy number Price effective from Koha item type Date last checked out
    Dewey Decimal Classification     London London RICS Boxes 26/05/2005   RICS 2005/14 30070843 06/08/2019 2 06/08/2019 Reference material  
    Dewey Decimal Classification     London London RICS Boxes 26/05/2005 2 RICS 2005/14 30070844 06/08/2019 3 06/08/2019 Book 13/02/2008